[Event "25th Klatovy B 2017"]
[Site "Klatovy CZE"]
[Date "2017.07.02"]
[Round "2.53"]
[White "Kalista, Frantisek"]
[Black "Nandin Erdene, Davaademberel 2008"]
[Result "1-0"]
[WhiteElo "1000"]
[BlackElo "1501"]
[PlyCount "120"]
[EventDate "2017.07.01"]
[EventType "swiss"]
[EventRounds "9"]
[EventCountry "CZE"]

1. d4 d5 2. e3 Nf6 3. c4 c6 4. Nf3 e6 5. Be2 Be7 6. O-O O-O 7. b3 Bd7 8. Bb2 Ne4 9. a3 a6 10. Nbd2 Nxd2 11. Qxd2 b5 12. cxb5 cxb5 13. Rac1 Nc6 14. Qc2 Rc8 15. Qb1 Qb6 16. Bd3 f5 17. Rfe1 b4 18. a4 a5 19. Bb5 Nb8 20. Bxd7 Nxd7 21. Rxc8 Rxc8 22. Re2 Nf6 23. Rc2 Rb8 24. Ne5 Bd6 25. Rc6 Qd8 26. Qd3 Ra8 27. Ra6 Rxa6 28. Qxa6 Qc7 29. Qa8+ Bf8 30. Qc6 Qxc6 31. Nxc6 Ne4 32. Nxa5 Nd2 33. f4 Bd6 34. Bc1 Ne4 35. Nb7 Bc7 36. a5 Nd6 37. Nxd6 Bxd6 38. a6 Bb8 39. Bd2 Kf7 40. Bxb4 Ke8 41. Bc5 Kd7 42. a7 Bxa7 43. Bxa7 Kc6 44. Bc5 Kb5 45. b4 g6 46. Kf2 Kc4 47. Ke2 h5 48. h4 Kb5 49. Kd3 Ka4 50. Kc3 Kb5 51. Kb3 Ka6 52. Ka4 Kb7 53. Kb5 Kb8 54. Kb6 Ka8 55. b5 Kb8 56. Bf8 Kc8 57. Ka7 Kd8 58. b6 Ke8 59. Bc5 Kf7 60. b7 Kg7 1-0

[Event "25th Klatovy B 2017"]
[Site "Klatovy CZE"]
[Date "2017.07.02"]
[Round "2.54"]
[White "Tomascik, Petr"]
[Black "Pozar, Pavel"]
[Result "0-1"]
[WhiteElo "1500"]
[BlackElo "1000"]
[PlyCount "44"]
[EventDate "2017.07.01"]
[EventType "swiss"]
[EventRounds "9"]
[EventCountry "CZE"]

1. d4 e6 2. c4 Bb4+ 3. Nc3 Bxc3+ 4. bxc3 Nc6 5. e4 f5 6. e5 d6 7. f4 dxe5 8. fxe5 Qh4+ 9. g3 Qe4+ 10. Kf2 Qxh1 11. Nf3 Nh6 12. g4 fxg4 13. Nh4 Qxh2+ 14. Bg2 Rf8+ 15. Bf4 Rxf4+ 16. Ke1 Qxh4+ 17. Ke2 Qg3 18. Bxc6+ bxc6 19. Qb3 Qf3+ 20. Kd2 Qf2+ 21. Kd1 g3 22. a4 g2 0-1

[Event "25th Klatovy B 2017"]
[Site "Klatovy CZE"]
[Date "2017.07.03"]
[Round "3.1"]
[White "Sibl, Vaclav"]
[Black "Vavrinek, Tomas"]
[Result "1/2-1/2"]
[WhiteElo "1961"]
[BlackElo "1750"]
[PlyCount "85"]
[EventDate "2017.07.01"]
[EventType "swiss"]
[EventRounds "9"]
[EventCountry "CZE"]

1. d4 Nf6 2. Bf4 e6 3. e3 d5 4. Nf3 Bd6 5. Bg3 b6 6. Nbd2 Bb7 7. Bb5+ c6 8. Bd3 Qc7 9. Ne5 Nbd7 10. f4 h5 11. Bh4 Be7 12. Qe2 Nxe5 13. fxe5 Ng4 14. Bxe7 Qxe7 15. Nf3 O-O-O 16. O-O-O g5 17. h4 gxh4 18. Rxh4 Rh6 19. Rdh1 Rdh8 20. Kb1 Kb8 21. e4 c5 22. exd5 Bxd5 23. c4 Bb7 24. d5 exd5 25. cxd5 Bxd5 26. Bf5 Be6 27. Be4 f6 28. exf6 Nxf6 29. Bd3 Re8 30. Qe5+ Qc7 31. Qg5 Reh8 32. Bg6 Qd6 33. Bc2 Bg4 34. Re1 Nh7 35. Qg7 Qf6 36. Qxf6 Nxf6 37. Rhh1 Re8 38. Ne5 Be6 39. Rhf1 Ng4 40. Nc6+ Kc7 41. Nxa7 Bd7 42. Rxe8 Bxe8 43. Bd3 1/2-1/2

[Event "25th Klatovy B 2017"]
[Site "Klatovy CZE"]
[Date "2017.07.03"]
[Round "3.2"]
[White "Bainhofner, Jiri"]
[Black "Zednik, Zdenek"]
[Result "1/2-1/2"]
[WhiteElo "1755"]
[BlackElo "1950"]
[PlyCount "37"]
[EventDate "2017.07.01"]
[EventType "swiss"]
[EventRounds "9"]
[EventCountry "CZE"]

1. e4 e6 2. d4 d5 3. Nd2 Be7 4. c3 dxe4 5. Nxe4 Nf6 6. Bb5+ Bd7 7. Nxf6+ Bxf6 8. Bxd7+ Nxd7 9. Nf3 O-O 10. O-O e5 11. dxe5 Nxe5 12. Nxe5 Bxe5 13. Qxd8 Raxd8 14. Be3 Rd7 15. Rfd1 Rfd8 16. Rxd7 Rxd7 17. f4 Bd6 18. g3 a6 19. Rd1 1/2-1/2

[Event "25th Klatovy B 2017"]
[Site "Klatovy CZE"]
[Date "2017.07.03"]
[Round "3.3"]
[White "Soukal, Roman"]
[Black "Hosnedl, Matyas"]
[Result "1-0"]
[WhiteElo "1931"]
[BlackElo "1739"]
[PlyCount "55"]
[EventDate "2017.07.01"]
[EventType "swiss"]
[EventRounds "9"]
[EventCountry "CZE"]

1. d4 Nf6 2. c4 g6 3. Nc3 Bg7 4. e4 d6 5. f4 Nbd7 6. e5 Ng8 7. Nf3 c5 8. dxc5 dxe5 9. fxe5 Nxe5 10. Qxd8+ Kxd8 11. Ng5 h6 12. Nge4 Be6 13. Bf4 Nxc4 14. O-O-O+ Kc8 15. b3 Be5 16. Bxe5 Nxe5 17. Bb5 Bd7 18. Rd5 Bxb5 19. Nxb5 Nc6 20. Rhd1 f5 21. Rd7 fxe4 22. Rc7+ Kb8 23. Rdd7 a6 24. Rxb7+ Kc8 25. Rbc7+ Kb8 26. Rxc6 axb5 27. Rd8+ Kb7 28. Rb6+ 1-0

[Event "25th Klatovy B 2017"]
[Site "Klatovy CZE"]
[Date "2017.07.03"]
[Round "3.4"]
[White "Schille, Hannes"]
[Black "Masek, Jan"]
[Result "0-1"]
[WhiteElo "1690"]
[BlackElo "1915"]
[PlyCount "144"]
[EventDate "2017.07.01"]
[EventType "swiss"]
[EventRounds "9"]
[EventCountry "CZE"]

1. d4 Nf6 2. c4 c5 3. e3 g6 4. Nc3 cxd4 5. exd4 Bg7 6. Nf3 O-O 7. Be2 d6 8. O-O b6 9. b3 Bb7 10. Bb2 e6 11. Re1 Nc6 12. Qd2 Ne7 13. Rad1 a6 14. Qc2 Qc7 15. Qb1 Nf5 16. h3 Nh5 17. Ne4 Nf4 18. Bf1 d5 19. cxd5 Nxd5 20. Rc1 Qf4 21. Rcd1 Rad8 22. Qc1 Qb8 23. Qd2 Kh8 24. Ba3 Rfe8 25. Neg5 Kg8 26. Ne4 Nf4 27. g3 Nxd4 28. Nxd4 Rxd4 29. Qxf4 Qxf4 30. gxf4 Rxd1 31. Rxd1 Bxe4 32. Bxa6 Bf6 33. Re1 Bf5 34. Bf1 Ra8 35. Bc1 Rxa2 36. Be3 Rb2 37. Bxb6 Rxb3 38. Be3 Kg7 39. Bg2 Rd3 40. Bf1 Ra3 41. Bg2 Kh6 42. Kh2 Ra4 43. Bc6 Rc4 44. Bg2 Kg7 45. Bf1 Rc3 46. Bg2 h5 47. Bd2 Rc2 48. Be3 h4 49. Bf3 Kh6 50. Bg2 g5 51. fxg5+ Bxg5 52. f4 Bf6 53. Kh1 Kg6 54. Rg1 Kh7 55. Re1 Rc4 56. Re2 Be4 57. Bxe4+ Rxe4 58. Kg2 Bd4 59. Kf3 Rxe3+ 60. Rxe3 Bxe3 61. Kxe3 Kg6 62. Ke4 f6 63. f5+ Kf7 64. fxe6+ Kxe6 65. Kf4 f5 66. Kg5 Ke5 67. Kxh4 f4 68. Kg4 Ke4 69. h4 f3 70. h5 f2 71. h6 f1=Q 72. Kg5 Qf5+ 0-1

[Event "25th Klatovy B 2017"]
[Site "Klatovy CZE"]
[Date "2017.07.03"]
[Round "3.5"]
[White "Rychtecky, Pavel"]
[Black "Jirasek, Jiri"]
[Result "1/2-1/2"]
[WhiteElo "1643"]
[BlackElo "1874"]
[PlyCount "129"]
[EventDate "2017.07.01"]
[EventType "swiss"]
[EventRounds "9"]
[EventCountry "CZE"]

1. e4 e5 2. Nf3 Nf6 3. Nxe5 d6 4. Nf3 Nxe4 5. d4 d5 6. Bd3 Nc6 7. O-O Be7 8. c4 Nf6 9. Nc3 O-O 10. h3 Re8 11. Re1 h6 12. Bf4 a6 13. a3 Be6 14. cxd5 Nxd5 15. Nxd5 Bxd5 16. Be4 Bf6 17. Bxc7 Qxc7 18. Bxd5 Rxe1+ 19. Qxe1 Nxd4 20. Nxd4 Bxd4 21. Qe4 Bxb2 22. Rb1 Rb8 23. Qb4 Be5 24. g3 b5 25. Qb3 g6 26. Rd1 Bf6 27. Qf3 Kg7 28. h4 a5 29. h5 b4 30. hxg6 fxg6 31. axb4 axb4 32. Bc6 b3 33. Rb1 b2 34. Be4 Qc1+ 35. Kh2 Qg5 36. Qf4 Qxf4 37. gxf4 Rb4 38. f3 h5 39. Kg3 h4+ 40. Kh3 g5 41. Rg1 Kh6 42. fxg5+ Bxg5 43. Rb1 Kh5 44. Bd5 Bc1 45. Bf7+ Kg5 46. Bd5 Kf6 47. Be4 Kg5 48. Bc2 Rd4 49. Bh7 Rd2 50. Be4 Kf4 51. Bc6 Rd1 52. Bb7 Rg1 53. Bc6 Rg6 54. Bd5 Rh6 55. Be4 Rb6 56. Bd5 Ke5 57. Be4 Bg5 58. Kg4 Bf6 59. Bc2 Rb4+ 60. Be4 Rb8 61. Bh7 Rh8 62. Be4 h3 63. Rh1 Rh4+ 64. Kg3 Bg5 65. Bb1 1/2-1/2

[Event "25th Klatovy B 2017"]
[Site "Klatovy CZE"]
[Date "2017.07.03"]
[Round "3.6"]
[White "Simacek, Vaclav"]
[Black "Soukup, Jiri1"]
[Result "1-0"]
[WhiteElo "1830"]
[BlackElo "1640"]
[PlyCount "59"]
[EventDate "2017.07.01"]
[EventType "swiss"]
[EventRounds "9"]
[EventCountry "CZE"]

1. e4 e6 2. d4 d5 3. Nc3 Bb4 4. Qg4 Ne7 5. Qxg7 Rg8 6. Qxh7 c5 7. Bd2 cxd4 8. Nb5 Qa5 9. Nf3 Nbc6 10. c3 dxc3 11. bxc3 Bc5 12. e5 Qb6 13. Nd6+ Kd7 14. Rb1 Rg7 15. Qc2 Qc7 16. Bh6 Rg6 17. Bf4 d4 18. Nxf7 Rg4 19. g3 Nd5 20. Qh7 Nxc3 21. Nd6+ Ne7 22. Bb5+ Nxb5 23. Nxb5 Qa5+ 24. Bd2 Qxa2 25. O-O a6 26. h3 Rg8 27. Nbxd4 Bxd4 28. Nxd4 Qxd2 29. Rfd1 Qa2 30. Nf5+ 1-0

[Event "25th Klatovy B 2017"]
[Site "Klatovy CZE"]
[Date "2017.07.03"]
[Round "3.7"]
[White "Merinsky, Vaclav"]
[Black "Novotny, David"]
[Result "0-1"]
[WhiteElo "1439"]
[BlackElo "1725"]
[PlyCount "78"]
[EventDate "2017.07.01"]
[EventType "swiss"]
[EventRounds "9"]
[EventCountry "CZE"]

1. e4 e6 2. d4 d5 3. exd5 exd5 4. Bd3 Bd6 5. Nf3 Nc6 6. c3 Bg4 7. O-O f6 8. Be3 Nge7 9. Nbd2 Qd7 10. Qc2 O-O-O 11. b4 g5 12. a4 h5 13. a5 h4 14. b5 Nb8 15. c4 dxc4 16. Qxc4 Be6 17. Qc3 g4 18. Ne1 g3 19. Nef3 gxh2+ 20. Kh1 h3 21. g3 Nd5 22. Qb2 Nxe3 23. fxe3 Qg7 24. Ne4 Bxg3 25. Rab1 Bd6 26. Rf2 Bd5 27. Nxd6+ Rxd6 28. e4 Be6 29. d5 Bf7 30. Nd4 Rg8 31. Qc1 Rxd5 32. b6 axb6 33. axb6 Qg1+ 34. Qxg1 hxg1=Q+ 35. Rxg1 Rxg1+ 36. Kxg1 Rxd4 37. Rxf6 Rxd3 38. Rxf7 cxb6 39. Kf2 Nd7 0-1

[Event "25th Klatovy B 2017"]
[Site "Klatovy CZE"]
[Date "2017.07.03"]
[Round "3.8"]
[White "Nechutny, Michal"]
[Black "Pravda, Krystof"]
[Result "1/2-1/2"]
[WhiteElo "1766"]
[BlackElo "1636"]
[PlyCount "32"]
[EventDate "2017.07.01"]
[EventType "swiss"]
[EventRounds "9"]
[EventCountry "CZE"]

1. e4 e5 2. Nf3 Nc6 3. Nc3 Nf6 4. d4 exd4 5. Nxd4 Bb4 6. Nxc6 bxc6 7. Bd3 O-O 8. O-O Re8 9. Qf3 d5 10. exd5 Bg4 11. Qg3 cxd5 12. Bg5 Bh5 13. Bxf6 Qxf6 14. Nxd5 Qd4 15. Nxb4 Qxb4 16. b3 Re7 1/2-1/2

[Event "25th Klatovy B 2017"]
[Site "Klatovy CZE"]
[Date "2017.07.03"]
[Round "3.9"]
[White "Cyron, Karel"]
[Black "Kubat, Zbynek"]
[Result "1-0"]
[WhiteElo "1774"]
[BlackElo "1682"]
[PlyCount "100"]
[EventDate "2017.07.01"]
[EventType "swiss"]
[EventRounds "9"]
[EventCountry "CZE"]

1. e4 d6 2. d4 g6 3. Be3 Bg7 4. Qd2 e5 5. Nc3 c6 6. O-O-O Qc7 7. f4 Bg4 8. Nf3 Bxf3 9. gxf3 Nd7 10. fxe5 dxe5 11. d5 Qd6 12. Qf2 a6 13. dxc6 Qxc6 14. Bh3 Ngf6 15. Rd2 O-O 16. Rhd1 Rfd8 17. Kb1 Bf8 18. Nd5 Re8 19. Qh4 Nxd5 20. Rxd5 Nf6 21. R5d3 Be7 22. Qf2 Red8 23. Bb6 Rxd3 24. Rxd3 Qe8 25. Bc7 Bf8 26. Qb6 Qc6 27. Qxc6 bxc6 28. Bxe5 Nh5 29. Bd7 c5 30. Ba4 Ra7 31. Rd8 Ng7 32. Bd6 Ne6 33. Bb8 Rb7 34. Rc8 Nd4 35. Bd6 Ne6 36. Bb3 Kg7 37. Bxf8+ Nxf8 38. Rxc5 Ne6 39. Bxe6 fxe6 40. Kc1 Rf7 41. Rc3 Kf6 42. Kd2 g5 43. Ke3 Rb7 44. b3 Rb6 45. Rc5 Rb5 46. Rxb5 axb5 47. a4 Ke5 48. axb5 Kd6 49. Kd4 e5+ 50. Kc4 h5 1-0

[Event "25th Klatovy B 2017"]
[Site "Klatovy CZE"]
[Date "2017.07.03"]
[Round "3.11"]
[White "Flajsman, Pavel"]
[Black "Leseticky, Vladimir"]
[Result "1/2-1/2"]
[WhiteElo "1736"]
[BlackElo "1685"]
[PlyCount "55"]
[EventDate "2017.07.01"]
[EventType "swiss"]
[EventRounds "9"]
[EventCountry "CZE"]

1. f4 b6 2. e4 Bb7 3. Nc3 e6 4. Nf3 Nc6 5. d3 Be7 6. g3 Bf6 7. Bg2 Bxc3+ 8. bxc3 Qe7 9. Qd2 h6 10. Bb2 O-O-O 11. c4 Nf6 12. a4 d5 13. e5 Ne4 14. Qc1 Nc5 15. d4 Ne4 16. cxd5 exd5 17. Nd2 f6 18. O-O f5 19. Nb3 a5 20. Bh3 g6 21. c3 h5 22. Nd2 Ba6 23. Re1 Nxd2 24. Qxd2 Bc4 25. Re3 Qe6 26. Qd1 Rd7 27. Qf3 Kb8 28. Kh1 1/2-1/2

[Event "25th Klatovy B 2017"]
[Site "Klatovy CZE"]
[Date "2017.07.03"]
[Round "3.12"]
[White "Micka, Norbert"]
[Black "Stvan, Marek"]
[Result "1-0"]
[WhiteElo "1823"]
[BlackElo "1663"]
[PlyCount "55"]
[EventDate "2017.07.01"]
[EventType "swiss"]
[EventRounds "9"]
[EventCountry "CZE"]

1. Nf3 d5 2. d4 Bg4 3. Ne5 Bf5 4. c4 c6 5. Nc3 e6 6. e3 Nf6 7. Qb3 Qb6 8. c5 Qxb3 9. axb3 Nbd7 10. f4 Be4 11. Rg1 h5 12. b4 Ng4 13. Nf3 f5 14. h3 Ngf6 15. Ng5 Ke7 16. b5 g6 17. bxc6 bxc6 18. b4 Bg7 19. b5 Rhc8 20. bxc6 Rxc6 21. Bb5 Rcc8 22. c6 Nb6 23. Ba3+ Ke8 24. Bc5 Bf8 25. Bxf8 Kxf8 26. Nxe6+ Ke7 27. Nc5 Ne8 28. Ba6 1-0

[Event "25th Klatovy B 2017"]
[Site "Klatovy CZE"]
[Date "2017.07.03"]
[Round "3.13"]
[White "Svec, Ludek"]
[Black "Lener, Jaroslav 1975"]
[Result "0-1"]
[WhiteElo "1723"]
[BlackElo "1750"]
[PlyCount "76"]
[EventDate "2017.07.01"]
[EventType "swiss"]
[EventRounds "9"]
[EventCountry "CZE"]

1. d4 Nf6 2. Nf3 g6 3. c4 c6 4. g3 Bg7 5. Bg2 O-O 6. O-O d6 7. Nc3 Nbd7 8. Qc2 Nb6 9. b3 d5 10. c5 Nbd7 11. e4 dxe4 12. Nxe4 Nxe4 13. Qxe4 Nf6 14. Qh4 Ng4 15. Rd1 h6 16. h3 Bf6 17. Bg5 hxg5 18. Nxg5 Bxg5 19. Qxg5 Nf6 20. g4 Kg7 21. Qe5 Kg8 22. f4 Be6 23. f5 Bd5 24. Rd2 Bxg2 25. Rxg2 Qd5 26. Re1 Qxe5 27. dxe5 Nd5 28. e6 fxe6 29. fxg6 Nf4 30. Rg3 Rf6 31. h4 Rxg6 32. Re4 Rf8 33. g5 Rf5 34. Kh2 Nh5 35. Rc3 Rf2+ 36. Kh3 Rxa2 37. Kg4 Nf6+ 38. Kf4 Nd5+ 0-1

[Event "25th Klatovy B 2017"]
[Site "Klatovy CZE"]
[Date "2017.07.03"]
[Round "3.14"]
[White "Haderka, Karel"]
[Black "Hartmann, Andreas 1969"]
[Result "0-1"]
[WhiteElo "1825"]
[BlackElo "1685"]
[PlyCount "104"]
[EventDate "2017.07.01"]
[EventType "swiss"]
[EventRounds "9"]
[EventCountry "CZE"]

1. c4 b6 2. Nc3 Bb7 3. d4 g6 4. e4 Bg7 5. Nf3 d6 6. Bd3 Nd7 7. Be3 Ngf6 8. h3 a6 9. O-O e5 10. d5 O-O 11. Rc1 h6 12. Qd2 Kh7 13. b4 c6 14. a3 a5 15. dxc6 Bxc6 16. Nd5 Re8 17. Rb1 Bxd5 18. cxd5 Nxd5 19. exd5 e4 20. Ng5+ hxg5 21. Bxg5 f6 22. Bb5 fxg5 23. Bxd7 Qxd7 24. Qxg5 Qf5 25. Qd2 a4 26. Rbd1 Rac8 27. Qe3 Rb8 28. Qe2 b5 29. Qe3 Rb7 30. Qc1 Rc8 31. Qb1 Rc4 32. Qa2 Rbc7 33. Qe2 Qf4 34. Rfe1 Be5 35. g3 Qf5 36. Qf1 Rc2 37. Re2 R2c4 38. Red2 Qg5 39. Qe2 Qf5 40. Qf1 e3 41. fxe3 Qxf1+ 42. Kxf1 Bxg3 43. Kg2 Be5 44. Kf3 Rf7+ 45. Kg2 Rc3 46. Rd3 Rc2+ 47. R1d2 Rfc7 48. Rxc2 Rxc2+ 49. Kf3 Rc3 50. Ke4 Rxd3 51. Kxd3 Kg7 52. e4 Kh6 0-1

[Event "25th Klatovy B 2017"]
[Site "Klatovy CZE"]
[Date "2017.07.03"]
[Round "3.15"]
[White "Boucek, Vlastimil 1968"]
[Black "Lacha, Jan"]
[Result "1/2-1/2"]
[WhiteElo "1677"]
[BlackElo "1815"]
[PlyCount "43"]
[EventDate "2017.07.01"]
[EventType "swiss"]
[EventRounds "9"]
[EventCountry "CZE"]

1. e4 d5 2. exd5 Qxd5 3. Nc3 Qd6 4. d4 Nf6 5. Nge2 c6 6. Bf4 Qd8 7. Ng3 e6 8. Be2 Bd6 9. Bxd6 Qxd6 10. O-O Nbd7 11. Re1 Nb6 12. Bf3 Bd7 13. Nce4 Nxe4 14. Nxe4 Qc7 15. Nc5 Nd5 16. Nxd7 Qxd7 17. c4 Nc7 18. d5 cxd5 19. cxd5 O-O-O 20. dxe6 Qxd1 21. Raxd1 Rxd1 22. Rxd1 1/2-1/2

[Event "25th Klatovy B 2017"]
[Site "Klatovy CZE"]
[Date "2017.07.03"]
[Round "3.16"]
[White "Sindelar, Jan"]
[Black "Krupansky, Jaromir"]
[Result "0-1"]
[WhiteElo "1395"]
[BlackElo "1764"]
[PlyCount "104"]
[EventDate "2017.07.01"]
[EventType "swiss"]
[EventRounds "9"]
[EventCountry "CZE"]

1. c4 e5 2. Nc3 Nf6 3. g3 d5 4. Bg2 dxc4 5. Qa4+ Qd7 6. Qxc4 Bd6 7. d3 O-O 8. Nf3 Qe6 9. Qxe6 fxe6 10. O-O c6 11. Ng5 h6 12. Nge4 Be7 13. Bh3 Na6 14. a3 Bd7 15. Rd1 Rad8 16. Nxf6+ Bxf6 17. Be3 b6 18. Ne4 Be7 19. Bg2 Be8 20. Rac1 c5 21. Nd2 Bf6 22. Be4 g5 23. Nc4 Ba4 24. Rf1 Bb5 25. b3 Nb8 26. a4 Bc6 27. Nd2 Bd5 28. Bxc5 bxc5 29. Rxc5 Rc8 30. Rfc1 Rxc5 31. Rxc5 Be7 32. Rc7 Bb4 33. Nf3 Bxe4 34. dxe4 a5 35. Rc2 Nd7 36. Rb2 Kf7 37. h4 g4 38. Nh2 h5 39. f3 Nc5 40. Kg2 gxf3+ 41. Kxf3 Rd8 42. Nf1 Rd4 43. Ne3 Rxe4 44. Nc4 Kf6 45. Ne3 Rd4 46. Rb1 e4+ 47. Kf2 e5 48. Nc2 Rd2 49. Nxb4 axb4 50. Ke3 Rc2 51. Rf1+ Ke6 52. Rb1 Rc3+ 0-1

[Event "25th Klatovy B 2017"]
[Site "Klatovy CZE"]
[Date "2017.07.03"]
[Round "3.17"]
[White "Parpel, Petr"]
[Black "Celovsky, Jan"]
[Result "1-0"]
[WhiteElo "1758"]
[BlackElo "1387"]
[PlyCount "108"]
[EventDate "2017.07.01"]
[EventType "swiss"]
[EventRounds "9"]
[EventCountry "CZE"]

1. d4 d5 2. c4 e6 3. Nc3 Be7 4. Nf3 Nf6 5. e3 O-O 6. Qc2 c5 7. Be2 Nc6 8. cxd5 exd5 9. a3 Qb6 10. Na4 Qc7 11. dxc5 Rd8 12. Nd4 Qe5 13. Nxc6 bxc6 14. O-O Bf5 15. Bd3 Ng4 16. f4 Bxd3 17. Qxd3 Qe4 18. Qxe4 dxe4 19. h3 Nf6 20. b4 a5 21. Bb2 Rd3 22. Nb6 Rad8 23. Bd4 axb4 24. axb4 Rb3 25. Rab1 Ra3 26. Rfc1 h6 27. Rc2 Nd5 28. Nxd5 Rxd5 29. Kf2 Bf6 30. Rd2 Bxd4 31. Rxd4 Rxd4 32. exd4 Rd3 33. b5 cxb5 34. Rxb5 Rxd4 35. Ke3 Rc4 36. f5 Kf8 37. g4 Ke7 38. c6 Kd6 39. Rb7 Kxc6 40. Rxf7 Kd5 41. Rxg7 Rc3+ 42. Ke2 Rxh3 43. Rh7 Kd4 44. g5 Rh2+ 45. Ke1 Ke3 46. Rxh6 Ra2 47. Rh3+ Kf4 48. f6 Kxg5 49. f7 Ra8 50. Rg3+ Kf4 51. Rg8 Ra1+ 52. Kd2 e3+ 53. Kc2 Kf3 54. f8=Q+ Ke2 1-0

[Event "25th Klatovy B 2017"]
[Site "Klatovy CZE"]
[Date "2017.07.03"]
[Round "3.18"]
[White "Jesensky, Jaromir"]
[Black "Kovar, Petr2"]
[Result "1/2-1/2"]
[WhiteElo "1552"]
[BlackElo "1990"]
[PlyCount "72"]
[EventDate "2017.07.01"]
[EventType "swiss"]
[EventRounds "9"]
[EventCountry "CZE"]

1. e4 c5 2. Nf3 a6 3. a4 d6 4. d4 cxd4 5. Nxd4 Nf6 6. Nc3 e6 7. Be2 Nc6 8. Be3 Be7 9. O-O Qc7 10. Qd2 Bd7 11. Nxc6 Bxc6 12. f3 O-O 13. Bd3 b6 14. Ne2 d5 15. Nd4 Bb7 16. exd5 Nxd5 17. Bf2 Bd6 18. Bg3 Bxg3 19. hxg3 Qxg3 20. Ne2 Qh4 21. Be4 Rfd8 22. Qe1 Qxe1 23. Rfxe1 f5 24. Bxd5 exd5 25. Nd4 Re8 26. Nxf5 Kf8 27. Kf2 Bc6 28. Nd4 Rxe1 29. Kxe1 Bd7 30. b3 Ke7 31. Kd2 Kf6 32. Re1 Re8 33. Rh1 h6 34. Rh5 Re5 35. Rxe5 Kxe5 36. Ke3 g5 1/2-1/2

[Event "25th Klatovy B 2017"]
[Site "Klatovy CZE"]
[Date "2017.07.03"]
[Round "3.19"]
[White "Mejzr, Jan"]
[Black "Sedlacek, Pavel"]
[Result "1-0"]
[WhiteElo "1901"]
[BlackElo "1580"]
[PlyCount "77"]
[EventDate "2017.07.01"]
[EventType "swiss"]
[EventRounds "9"]
[EventCountry "CZE"]

1. e4 c6 2. d4 d5 3. Nd2 dxe4 4. Nxe4 Nd7 5. Bc4 Ngf6 6. Ng5 e6 7. Qe2 Nb6 8. Bb3 h6 9. N5f3 Bd6 10. Ne5 Qc7 11. Ngf3 O-O 12. Bd2 c5 13. c3 Bd7 14. h4 Bc6 15. Kf1 a6 16. a4 Nbd7 17. Nxc6 bxc6 18. Bc2 cxd4 19. cxd4 Bf4 20. Bc3 Nd5 21. Qd3 N7f6 22. g4 Nxc3 23. bxc3 g6 24. g5 hxg5 25. hxg5 Nh7 26. Kg2 f5 27. gxf6 Rxf6 28. Rh3 Ra7 29. Rah1 Qd6 30. Bb3 a5 31. Qe4 Rb7 32. Bc4 Rbf7 33. Re1 Re7 34. Kh1 Ng5 35. Nxg5 Bxg5 36. Rg1 Qf4 37. Qxc6 Qxf2 38. Rf1 Qd2 39. Qc8+ 1-0

[Event "25th Klatovy B 2017"]
[Site "Klatovy CZE"]
[Date "2017.07.03"]
[Round "3.20"]
[White "Vasko, Pavel"]
[Black "Vachal, Josef1"]
[Result "1/2-1/2"]
[WhiteElo "1578"]
[BlackElo "1872"]
[PlyCount "80"]
[EventDate "2017.07.01"]
[EventType "swiss"]
[EventRounds "9"]
[EventCountry "CZE"]

1. e4 c5 2. Nf3 Nc6 3. d4 cxd4 4. Nxd4 Nf6 5. Nc3 e5 6. Nxc6 bxc6 7. Bd3 Be7 8. O-O O-O 9. b3 d5 10. Bb2 Qc7 11. Qe2 Bd7 12. Rac1 Bd6 13. Nb1 Qa5 14. a4 Rfe8 15. Nd2 Rab8 16. Ba1 Ba3 17. Rb1 Bb4 18. Nf3 d4 19. Bb2 Qc5 20. Nd2 Bg4 21. f3 Be6 22. Kh1 Nd7 23. Nc4 Nb6 24. Nxb6 Rxb6 25. Bc1 Qa5 26. f4 exf4 27. Bxf4 Qc5 28. Bg3 Qg5 29. Rbd1 Bg4 30. Qf2 Rf8 31. Rb1 c5 32. Bf4 Qh5 33. Bd2 Bxd2 34. Qxd2 Rh6 35. g3 Qe5 36. Qf4 Qh5 37. Rf2 Rf6 38. Qd2 Rf3 39. Rxf3 Bxf3+ 40. Kg1 Re8 1/2-1/2

[Event "25th Klatovy B 2017"]
[Site "Klatovy CZE"]
[Date "2017.07.03"]
[Round "3.21"]
[White "Svejdar, Pavel"]
[Black "Kaspar, Lukas"]
[Result "0-1"]
[WhiteElo "1581"]
[BlackElo "1764"]
[PlyCount "74"]
[EventDate "2017.07.01"]
[EventType "swiss"]
[EventRounds "9"]
[EventCountry "CZE"]

1. e4 c5 2. Nf3 Nc6 3. d4 cxd4 4. Nxd4 g6 5. Bc4 Bg7 6. Nxc6 bxc6 7. O-O Qc7 8. Qf3 e6 9. Nd2 Ne7 10. Bb3 a5 11. a4 d5 12. c3 O-O 13. Rb1 Bb7 14. Bc2 c5 15. Re1 d4 16. c4 Nc6 17. b3 Nb4 18. Bd3 f5 19. Qe2 Qf7 20. f3 Bh6 21. Ba3 Be3+ 22. Kh1 Na2 23. Bb2 Nb4 24. Ba3 Nxd3 25. Qxd3 Bxd2 26. Qxd2 fxe4 27. fxe4 Bxe4 28. Rbc1 Qf5 29. Kg1 Bb7 30. Rf1 Qe5 31. Rfe1 Qd6 32. Rc2 e5 33. Rf1 Be4 34. Rxf8+ Rxf8 35. Qxa5 d3 36. Bxc5 dxc2 37. Bf2 c1=Q+ 0-1

[Event "25th Klatovy B 2017"]
[Site "Klatovy CZE"]
[Date "2017.07.03"]
[Round "3.22"]
[White "Roskovec, Bedrich"]
[Black "Berka, Lubos"]
[Result "0-1"]
[WhiteElo "1585"]
[BlackElo "1822"]
[PlyCount "80"]
[EventDate "2017.07.01"]
[EventType "swiss"]
[EventRounds "9"]
[EventCountry "CZE"]

1. e4 c6 2. Nc3 d5 3. d3 d4 4. Nce2 e5 5. Nf3 Nf6 6. Ng3 Bg4 7. Be2 Bxf3 8. Bxf3 Qa5+ 9. Bd2 Bb4 10. a3 Bxd2+ 11. Qxd2 Qxd2+ 12. Kxd2 g6 13. h4 h5 14. Nf1 Ke7 15. g3 b5 16. Bg2 Nbd7 17. Bh3 Nc5 18. Nh2 a5 19. Rhf1 b4 20. axb4 axb4 21. Nf3 Nfd7 22. Bxd7 Nxd7 23. Rfb1 f6 24. Kc1 Nc5 25. Nd2 Kd6 26. Nc4+ Ke6 27. Nb6 Rab8 28. Nc4 b3 29. Ra3 Rb4 30. Kd2 bxc2 31. Kxc2 Nxe4 32. dxe4 Rxc4+ 33. Kd3 Rb4 34. Ra6 Kd6 35. b3 Rhb8 36. Ra3 R8b6 37. Kc2 c5 38. Ra4 Rxa4 39. bxa4 Rxb1 40. Kxb1 c4 0-1

[Event "25th Klatovy B 2017"]
[Site "Klatovy CZE"]
[Date "2017.07.03"]
[Round "3.23"]
[White "Davaademberel, Purevdorj 1981"]
[Black "Sedlak, Jakub"]
[Result "1-0"]
[WhiteElo "1835"]
[BlackElo "1495"]
[PlyCount "97"]
[EventDate "2017.07.01"]
[EventType "swiss"]
[EventRounds "9"]
[EventCountry "CZE"]

1. e4 e6 2. d4 d5 3. Nc3 Nf6 4. e5 Nfd7 5. f4 c5 6. Nf3 Nc6 7. Be3 Qb6 8. Qd2 Be7 9. a4 c4 10. Rb1 Bb4 11. Be2 Qa5 12. O-O Ne7 13. Bf2 Bxc3 14. bxc3 Qxa4 15. g4 g6 16. Bh4 Qc6 17. f5 h6 18. Bxe7 Kxe7 19. fxg6 fxg6 20. Nh4 Kd8 21. Nxg6 Rh7 22. Qf4 Kc7 23. g5 hxg5 24. Qxg5 Nb6 25. Nf8 Rh3 26. Bg4 Rxc3 27. Qe7+ Kb8 28. Bxe6 Bxe6 29. Nxe6 a6 30. Rf6 Nc8 31. Qb4 Qb5 32. Qxc3 Qxb1+ 33. Rf1 Qb5 34. Rf8 Qd7 35. Qh3 b5 36. Qf5 Ra7 37. Rd8 Qc6 38. Rg8 Re7 39. Nf4 Qd7 40. Qf6 Kb7 41. Rg6 Rf7 42. Qxa6+ Kb8 43. e6 Qe8 44. exf7 Qe1+ 45. Kg2 Qd2+ 46. Kf3 Qd1+ 47. Kg3 Qg1+ 48. Ng2 Qxd4 49. f8=Q 1-0

[Event "25th Klatovy B 2017"]
[Site "Klatovy CZE"]
[Date "2017.07.03"]
[Round "3.24"]
[White "Kotal, Vit"]
[Black "Esterka, Jan"]
[Result "0-1"]
[WhiteElo "1388"]
[BlackElo "1827"]
[PlyCount "88"]
[EventDate "2017.07.01"]
[EventType "swiss"]
[EventRounds "9"]
[EventCountry "CZE"]

1. e4 c5 2. Nf3 d6 3. g3 g6 4. Bg2 Bg7 5. O-O Nf6 6. d3 Nc6 7. Nbd2 O-O 8. h3 Qc7 9. Nh2 b5 10. f4 Bb7 11. g4 Nd7 12. f5 Nd4 13. c3 Nc6 14. Ndf3 Nde5 15. Kh1 c4 16. d4 Nd3 17. Ne1 Nxc1 18. Qxc1 b4 19. Nc2 a5 20. Ne3 bxc3 21. bxc3 Nd8 22. Qc2 Bh6 23. Rae1 f6 24. Nd5 Bxd5 25. exd5 g5 26. Nf3 Nf7 27. h4 gxh4 28. Nxh4 Rab8 29. Qe2 Rb7 30. Nf3 Rfb8 31. Qe6 Qc8 32. Rf2 Bf4 33. Ref1 Rb1 34. Re2 Bh6 35. Qe4 Rxf1+ 36. Bxf1 Rb5 37. Bg2 Qb7 38. Kh2 Rb2 39. Ng1 Rxe2 40. Qxe2 Bf4+ 41. Kh1 Qb1 42. Bf1 Ng5 43. Kg2 Ne4 44. Qxc4 Qe1 0-1